🍏 Top 20 Apple producing countries - Statistics

General Stats
  • This quiz has been taken 535 times
  • The average score is 13 of 20
Answer Stats
Answer Tonnes % Correct
United States 4,997,680
97%
China 42,425,400
96%
France 1,753,500
91%
Germany 991,450
87%
Russia 1,950,800
87%
India 2,316,000
85%
Brazil 1,222,979
84%
Italy 2,303,690
83%
Mexico 761,483
81%
Japan 701,600
73%
Poland 3,080,600
72%
Turkey 3,618,752
72%
Ukraine 1,153,970
67%
Iran 2,241,124
59%
Chile 1,621,321
54%
Egypt 726,794
53%
South Africa 891,979
46%
Morocco 809,762
34%
Uzbekistan 1,124,017
18%
North Korea 805,965
3%
No matching quizzes found
Score Distribution
Percent of People with Each Score
Percentile by Number Answered
Your Score History
You have not taken this quiz